=LDR 00000nam 2200000 4500 =001 INLIS000000000033985 =005 20200910072738 =035 ##$$a 0010-061300000033985 =008 200910################g##########0#ind## =041 ##$$a ind =082 ##$$a 2x5.1 =090 ##$$a 2x5.1, Alg p =100 ##$$a Ghazali, Abu Hamid Al- =245 1#$$a Pembuka pintu hati /$c Abu hamid Al- Ghazali, Dar al- Fikr. =260 ##$$a Bandung :$b MQ Publishing,$c 2004 =300 ##$$a xiv,170 hlm, ; $c 20 x 14 cm. =650 #4$$a Akhlak =850 ##$$a NBPNMAT =020 ##$$a 979-3503-22-x =084 ##$$a 2x5.1 Alg p =700 #$$a Dar al- Fikr. =990 ##$$a 20903461